Exploring digital video

Bibliographic Details
Main Author: Rysinger, Lisa
Format: Book
Language:English
Published: Australia : Thomson , 2006
Edition:2nd.ed.
Series:Design exploring systems
Subjects:

MARC

LEADER 00000cam a2200000 7i4500
001 0000020907
005 20090107.0
008 081201s at a i eng
020 |a 9781418042066 
040 |a INS 
090 0 0 |a TK6680.5   |b R97 2006 
100 1 |a Rysinger, Lisa 
245 1 0 |a Exploring digital video   |c Lisa Rysinger 
250 |a 2nd.ed. 
260 |a Australia :   |b Thomson ,   |c 2006 
300 |a xxi, 328p. :   |b ill. ;   |c 25cm + Cd. 
440 0 |a Design exploring systems 
500 |a Includes index 
650 0 0 |a Digital video 
999 |a 0000020325   |b BOOK   |c Open Shelf   |e Default branch